000 01809nem0a2200349 4500
001 RU\NLR\cart\8825
005 20250614031350.0
035 _a(NLR Aleph) 010296398
090 _a10572595
_c10572595
100 _a20131002d1929 |||y0rusy50 ca
101 0 _arus
102 _aRU
120 _abyy xx||
123 1 _aa
_b16 000 000
135 _acrcn 024anaba
200 1 _aПочвенная карта Азиатской части СССР
_bКарты
_fИсп. Картогр. Отделом Гл. Геодез. Ком. ВСНХ-СССР в1929 г.
_gСост. Л.И. Прасолов по материалам Почв. Ин-та им. Докучаева Всесоюз. Акад. Наук и данным исслед. почвоведов СССР
206 _a1:16 000 000, 160 км в 1 см
210 _aЛенинград
_cОтдел Гл. Геодезич. Ком. ВСНХ-СССР
_d1929
215 _a1 к.
_cцв.
_d46х59,5 см
300 _aВ надзаг.: Отд. оттиск из атлас пром-сти ВСНХ СССР, изд. Гл. геодез. Ком.
325 1 _aКопия доступна в электронной библиотеке РНБ
509 0 1 _7ca
_aСССР. Азиатская часть
_92635254
_3RU\NLR\auth_crt\552086
606 0 _aПочвенные
_92177913
_3RU\NLR\auth_crt\6691
620 _aСССР
702 1 _aПрасолов
_bЛ. И.
_4220
801 0 _aRU
_bNLR
_c20131002
_gPSBO
852 _aNLR
_bК
_j4-САз 2/18
_m1026, 1027
_t24188
901 _eКартографические материалы
942 _cMAP
980 _aNB
981 1 9 _a(19) Картографические материалы